Search the Library Catalogue
| 000 -LEADER | |
|---|---|
| fixed length control field | 00495nam a22001697a 4500 |
| 008 - FIXED-LENGTH DATA ELEMENTS--GENERAL INFORMATION | |
| fixed length control field | 260506b |||||||| |||| 00| 0 eng d |
| 020 ## - INTERNATIONAL STANDARD BOOK NUMBER | |
| ISBN | 9781841138329 |
| Paper back/Hardbound | pbk |
| 041 ## - LANGUAGE CODE | |
| Language code of text/sound track or separate title | eng |
| 082 ## - DEWEY DECIMAL CLASSIFICATION NUMBER | |
| Classification number | 341.242 DOU |
| 245 ## - TITLE STATEMENT | |
| Title | 50 Years of the European Treaties: |
| Sub Title | Looking Back and Thinking Forward |
| Statement of responsibility, etc | /Michael Dougan; |
| 260 ## - PUBLICATION, DISTRIBUTION, ETC. (IMPRINT) | |
| Place of publication | North America |
| Name of publisher | Hart Publishing |
| Year of publication | 2009 |
| 300 ## - PHYSICAL DESCRIPTION | |
| Number of Pages | xxxi, 439p. : |
| Dimensions | 25cm. |
| 504 ## - BIBLIOGRAPHY, ETC. NOTE | |
| Bibliography, etc | Includes index |
| 650 ## - SUBJECT ADDED ENTRY--TOPICAL TERM | |
| Topical Term | Law of nations |
| 942 ## - ADDED ENTRY ELEMENTS (KOHA) | |
| Koha item type | English Books |
No items available.